00663nam a2200193Ia 4500008004100000020001400041082001400055100002300069245006400092250000800156260003700164300002900201500001900230600002100249650005000270942000700320952012700327999001500454240925s9999 xx 000 0 und d a139738193 a005.8 STA aStallings, William 0aCryptography and Network Security: principles and practice  a2nd aNew Jersey:bM & T Booksc,1999. axiv,630p.bNAfPhotocopy aIncludes Index aComputer Science aComputer science, information & general works cBK 001040708CSaUITUbUITUd2010-05-31eJumbo Book Sale g195.00l0o005.8 STApQ0316r2024-09-25 07:12:03w2024-09-25yBK c2815d2815